| 000 | 00959cam a22003014a 4500 | ||
|---|---|---|---|
| 001 | 12705871 | ||
| 003 | SISC | ||
| 005 | 20160204134330.0 | ||
| 008 | 020315s2003 nyua j b 001 0 eng | ||
| 010 | _a 2002004155 | ||
| 020 | _a9780823936724 | ||
| 040 |
_aDLC _cDLC _dDLC |
||
| 042 |
_apcc _alcac |
||
| 050 | 0 | 0 |
_aRC 78.7.D53 _b.M64 2003 |
| 082 | 0 | 0 |
_aHS 616.07 _bM72 2003 |
| 100 | 1 |
_aMoe, Barbara A. _912823 |
|
| 245 | 1 | 4 |
_aThe revolution in medical imaging / _cBarbara Moe. |
| 250 | _a1st ed. | ||
| 260 |
_aNew York, NY : _bRosen Pub. Group, _c2003. |
||
| 300 |
_a64 p. : _bcol. ill. ; _c24 cm. |
||
| 440 | 4 |
_aThe library of future medicine _912824 |
|
| 600 |
_a Barbara, Moe _912825 |
||
| 650 | 0 |
_aDiagnostic imaging _vJuvenile literature. _912826 |
|
| 906 |
_a7 _bcbc _corignew _d1 _eecip _f20 _gy-gencatlg |
||
| 942 |
_2lcc _cBK |
||
| 999 |
_c9213 _d9213 |
||